000 00781nam a2200217Ii 4500
003 JO-AjNU
008 230605s9999||||xx |||||||||||||| ||und||
017 _a1990/1133
040 _aJO-AjNU
_bara
_erda
_cJO-AjNU
041 _aara
050 1 4 _aHC241.2 .D5364 .1990
100 3 _aالدفاعي، عزيز,
_eauthor
_937280
245 0 0 _aالسوق الاوربية المشتركة:التناقضات والعلاقة مع الكيان الصهوني
250 _aط1
264 3 1 _aبغداد:دار الشؤون الثقافية العامة(افاق عربية)،1990
300 _a181ص
336 _atext
_btxt
_2rdacontent
337 _aunmediated
_bn
_2rdamedia
338 _avolume
_bnc
_2rdacarrier
650 4 _aالسوق الاوربية المشتركة
_937281
999 _aA15563
_c19131
_d19131